all haunted mound songs - Statistics

General Stats
  • This quiz has been taken 93 times
    43 since last reset
  • The average score is 77 of 149
Answer Stats
HintRAINBOW BRIDGE 2 Answer % Correct
GHOST MOUNTAIN SINGLES COIL
83%
RAINBOW BRIDGE SLAUGHTER HOUSE
83%
RAINBOW BRIDGE BUNNY SUIT
79%
GRAVE HOUSE FURY ROAD
79%
GRAVE HOUSE FURY ROAD 2
79%
GRAVE HOUSE NEW ROCKS
79%
RAINBOW BRIDGE TOOLBOX
79%
RAINBOW BRIDGE 3 CHAINSAW PARTY
75%
RAINBOW BRIDGE 2 FUNERAL
75%
BUTCHER HOUSE | RAINBOW BRIDGE 2 WE DON'T DIAL 911
75%
RAINBOW BRIDGE ARSON
71%
RAINBOW BRIDGE 3 CRUCIFIXION
71%
BUTCHER HOUSE HAUNTED MOUND REAPERS
71%
GRAVE HOUSE NEVADA
71%
RAINBOW BRIDGE PAIN
71%
RAINBOW BRIDGE SHOTGUN
71%
GRAVE HOUSE SKIN MASK
71%
BUTCHER HOUSE BABAYAGA
67%
RAINBOW BRIDGE CREATINE
67%
GRAVE HOUSE DEAD BY DAWN
67%
RAINBOW BRIDGE 3 GOD'S LIGHT BURNS UPON MY FLESH
67%
RAINBOW BRIDGE 3 MURDER RIDE
67%
RAINBOW BRIDGE 3 SKIN MASK 2
67%
GRAVE HOUSE BROKEN ANGEL HOSPITAL
63%
RAINBOW BRIDGE 3 CREEPIN' THRU DA WOODS
63%
RAINBOW BRIDGE 2 FOREVER INTRO
63%
HUNDRED ACRE WRIST GOODBYE HORSES
63%
GUNSMITH THA MIXTAPE GUNSMITH
63%
HUNDRED ACRE WRIST HEFFALUMPS
63%
BURNING BARN KEEPE OUT
63%
HUNDRED ACRE WRIST LOUISVILLE SLUGGER
63%
RAINBOW BRIDGE 2 MY CUTTER
63%
GRAVE HOUSE ORBS
63%
RAINBOW BRIDGE REVERENCE
63%
RAINBOW BRIDGE THE GREAT MOTHMAN
63%
RAINBOW BRIDGE 2 | RAINBOW BRIDGE 3 TOOTHTAKER
63%
RAINBOW BRIDGE 3 TRUEY JEANS
63%
WARBOY 10,000 WEEPING CHOIRS
58%
WARBOY AK47
58%
SEMATARY SINGLES COP KILLER
58%
RAINBOW BRIDGE 3 GOIN' MORDUM
58%
BUTCHER HOUSE HATE AND GASOLINE
58%
RAINBOW BRIDGE 2 HOGS
58%
SCREAMING FOREST I HAIL THE NIGHT
58%
RAINBOW BRIDGE IM RELOADING
58%
HUNDRED ACRE WRIST JOHNNY CUTTER
58%
SCREAMING FOREST KAMAKRAZEE
58%
BUTCHER HOUSE LITTLE LAMB
58%
RAINBOW BRIDGE 3 NECROMANSER
58%
SCREAMING FOREST REDWOODS
58%
RAINBOW BRIDGE 2 SKINWALKER
58%
HUNDRED ACRE WRIST TOURNIQUET
58%
SEMATARY SINGLES BLEED A RIVER
54%
BUTCHER HOUSE BURN A COP CAR
54%
RAINBOW BRIDGE CEMETARY
54%
RAINBOW BRIDGE 2 CHANDELIER
54%
HUNDRED ACRE WRIST CLEAVER VALLEY
54%
RAINBOW BRIDGE DENTAL FLOSS
54%
CUTTER LANE DOES
54%
WARBOY HAIL MARY
54%
BUTCHER HOUSE HALLOWED BE MY WRIST
54%
BURNING BARN IF I HAD A GUN
54%
RAINBOW BRIDGE 3 I'M A SINNER
54%
HUNDRED ACRE WRIST NAZGUL
54%
BURNING BARN OVER THE HILLS
54%
WARBOY REDBULL ADDICT
54%
SCREAMING FOREST SCARECRAW
54%
RAINBOW BRIDGE 2 SKELLINGTONS
54%
RAINBOW BRIDGE 3 SKINCARVER
54%
SCREAMING FOREST SPIRITS
54%
BUCKSHOT SINGLES STRAWMAN
54%
HUNDRED ACRE WRIST TAXIDERMY
54%
SCREAMING FOREST WILLOWS
54%
BUTCHER HOUSE ANGELMAKERS
50%
HUNDRED ACRE WRIST DEER GOD
50%
RAINBOW BRIDGE 2 DESECRATION
50%
GRAVE HOUSE GOAT MAN
50%
GUNSMITH THA MIXTAPE HACKLE
50%
BURNING BARN HAUNTED HAYRIDE
50%
GRAVE HOUSE INTERSTATE
50%
BURNING BARN IN THE MORNING
50%
RAINBOW BRIDGE 3 MEET BY THE RIVER
50%
SCREAMING FOREST MOON SHINE
50%
GUNSMITH THA MIXTAPE ON THA MOUND
50%
GRAVE HOUSE READY FOR THE HOUSE
50%
RAINBOW BRIDGE 2 RED MIST
50%
BURNING BARN REVENANT
50%
HUNDRED ACRE WRIST SIGIL
50%
GRAVE HOUSE STAND YOUR GROUND
50%
BUTCHER HOUSE SUFFER
50%
GHOST MOUNTAIN SINGLES YOUR FACE IN THE WINDOW
50%
SEMATARY SINGLES 9 SCARECROWS
46%
GUNSMITH THA MIXTAPE BAKELITE
46%
CUTTER LANE BOLOS
46%
RAINBOW BRIDGE 2 DUSTER HUFFER
46%
BUTCHER HOUSE GO DIG MY GRAVE
46%
SCREAMING FOREST HOCKY MASK
46%
CUTTER LANE HUSQRIDER
46%
BURNING BARN LONG WALK HOME
46%
TURNABOUT SINGLES MY REAPER
46%
RAINBOW BRIDGE 3 WITCHING HOUR
46%
BURNING BARN BARN OWLS
42%
RAINBOW BRIDGE 3 COME WITH ME TO HELL
42%
SEMATARY SINGLES FLOWERS
42%
RAINBOW BRIDGE 3 FOREST FIRE
42%
WARBOY FOREVER BOX
42%
RAINBOW BRIDGE 2 HEARSIN'
42%
SEMATARY SINGLES I HATE MYSELF
42%
BUTCHER HOUSE IN THA FIELD WHERE I FOUND U
42%
SCREAMING FOREST LONGHORNS
42%
GUNSMITH THA MIXTAPE NOTHING
42%
HACKLE SINGLES PETERBILT
42%
SCREAMING FOREST RITUALS
42%
WARBOY SKULLS
42%
BUTCHER HOUSE SMOKIN OUT DA GRAVE
42%
SEMATARY SINGLES THE WAGONER
42%
SEMATARY SINGLES TOY BARN
42%
BUCKSHOT SINGLES TREEHOUSE
42%
GUNSMITH THA MIXTAPE DUMBO
38%
GHOST MOUNTAIN SINGLES FROZEN SWIMMING POOL
38%
SEMATARY SINGLES HOLLOWS
38%
CUTTER LANE OLDE HIGHWAY 28
38%
BURNING BARN SAWMILL
38%
RAINBOW BRIDGE 2 SCISSOR HANDS
38%
CUTTER LANE SICKLE
38%
GUNSMITH THA MIXTAPE WANTED MANIACS
38%
SEMATARY SINGLES 1312
33%
BURNING BARN BREAK THE DAWN
33%
CUTTER LANE BRETHREN
33%
BURNING BARN HALLOW'D GROUND
33%
SEMATARY SINGLES MY TEDDY
33%
GUNSMITH THA MIXTAPE NOW
33%
BUCKSHOT SINGLES SWING THE SCYTHE
33%
GUNSMITH THA MIXTAPE THA GROUND
33%
GUNSMITH THA MIXTAPE TURNADRACO
33%
SEMATARY SINGLES WORLDS A FUCK
33%
CUTTER LANE COFFIN TOWN
29%
CUTTER LANE GRAVEYARD PARTY
29%
SEMATARY SINGLES MY SHADOW
29%
GUNSMITH THA MIXTAPE NO SIGHT
29%
CUTTER LANE WHERE THE FIRE BURNS
29%
SEMATARY SINGLES DISORDER
25%
SEMATARY SINGLES O HARVEST MOON
25%
CUTTER LANE TILL DEATH DO OF ME
25%
GUNSMITH THA MIXTAPE TRILLION BARS
25%
SEMATARY SINGLES SILENCER
13%
SEMATARY SINGLES CHROME THANG
4%
No matching quizzes found
Score Distribution
Percent of People with Each Score
Percentile by Number Answered
Your Score History
You have not taken this quiz since the last reset